000 00391nam a22001697a 4500
005 20160624101443.0
008 160624b xxu||||| |||| 00| 0 eng d
020 _a978-81-203-3570-7
041 _aeng
082 _b9500
100 _aKotler, Philip and other
_92635
245 _aMarketing Management
260 _bPHI
_c2008
300 _a662
650 _aManagement
_9241
942 _cBK
999 _c3766
_d3765